| 000 | 00600nam a2200205 i 4500 | ||
|---|---|---|---|
| 001 | 78844 | ||
| 003 | ES-MaACL | ||
| 007 | t| | ||
| 008 | 041018s1983 sp ||||1| spa d | ||
| 100 | 1 |
_aHayman, Ronald. _962207 |
|
| 245 | 1 | 0 |
_aKafka _b: biografía / _cRonald Hayman ; [traducción: Jaime Zulaika]. |
| 250 | _a[1ª ed.]. | ||
| 260 |
_a[Barcelona] : _bArgos Vergara, _c[1983] |
||
| 300 |
_a338 p., 6 lám. ; _c22 cm. |
||
| 490 | 1 | _aColección en Línea | |
| 700 | 1 |
_aZulaika, Jaime. _9118447 |
|
| 830 | 0 |
_aColección en Línea _9182554 |
|
| 852 |
_aES-MaACL _jL-4480 |
||
| 999 |
_c78844 _d78844 |
||